[Event "MCR mladeze 2014, H16"]
[Site "Kouty nad Desnou"]
[Date "2014.03.08"]
[Round "1"]
[White "Stuchly, Ondrej"]
[Black "Ruzicka, Josef"]
[Result "1-0"]
[WhiteElo "1791"]
[BlackElo "2034"]
[PlyCount "59"]
[EventDate "2014.03.08"]

1. e4 c5 2. Nf3 d6 3. d4 cxd4 4. Nxd4 Nf6 5. Nc3 g6 6. Be3 Bg7 7. f3 O-O 8. Qd2
Nc6 9. Bc4 Bd7 10. O-O-O Rc8 11. Bb3 Ne5 12. h4 h5 13. Kb1 Nc4 14. Bxc4 Rxc4
15. Nde2 b5 16. Bh6 b4 17. Bxg7 Kxg7 18. Nd5 Nxd5 19. Qxd5 Be6 20. Qd3 f6 21.
Nd4 Bf7 22. g4 Rc5 23. f4 Qa5 24. Nb3 Bxb3 25. Qxb3 hxg4 26. Qe6 Rf7 27. Qxg4
f5 28. exf5 Rcxf5 29. h5 Rxh5 30. Rdg1 1-0

[Event "MCR mladeze 2014, H16"]
[Site "Kouty nad Desnou"]
[Date "2014.03.08"]
[Round "1"]
[White "Havelka, Josef"]
[Black "Stepan, Patrik"]
[Result "1/2-1/2"]
[WhiteElo "1988"]
[BlackElo "1758"]
[PlyCount "44"]
[EventDate "2014.03.08"]

1. e4 c5 2. Nf3 e6 3. b3 Nc6 4. Bb5 d5 5. Bxc6+ bxc6 6. d3 Nf6 7. Qe2 Be7 8. c4
Qc7 9. O-O O-O 10. Nc3 d4 11. Na4 e5 12. Bg5 Ne8 13. Bxe7 Qxe7 14. Nd2 Nc7 15.
f4 exf4 16. Rxf4 f5 17. Raf1 Bd7 18. R4f2 Rae8 19. Qh5 g6 20. Qh6 Na6 21. a3
Qg7 22. Qh4 g5 1/2-1/2

[Event "MCR mladeze 2014, H16"]
[Site "Kouty nad Desnou"]
[Date "2014.03.08"]
[Round "1"]
[White "Bares, Jachym"]
[Black "Kula, Dominik"]
[Result "0-1"]
[WhiteElo "1736"]
[BlackElo "1971"]
[PlyCount "55"]
[EventDate "2014.03.08"]

1. e4 c5 2. Nf3 d6 3. d4 cxd4 4. Nxd4 Nf6 5. Nc3 a6 6. Be3 e5 7. Nde2 Be7 8. f4
Ng4 9. Bg1 O-O 10. Nd5 Nd7 11. Nec3 Ngf6 12. Be2 b5 13. Bf3 Bb7 14. Be3 Rc8 15.
O-O b4 16. Nxb4 exf4 17. Bf2 Ne5 18. Nd3 g5 19. h3 Re8 20. Nxe5 dxe5 21. Nd5
Bxd5 22. exd5 e4 23. Be2 e3 24. Be1 Qxd5 25. Bd3 Bc5 26. Kh1 Rcd8 27. Be2 Bd6
28. Bxa6 {Necitelny zapis.} 0-1

[Event "MCR mladeze 2014, H16"]
[Site "Kouty nad Desnou"]
[Date "2014.03.08"]
[Round "1"]
[White "Horak, Ales"]
[Black "Kladnak, Martin"]
[Result "1-0"]
[WhiteElo "1957"]
[BlackElo "1713"]
[PlyCount "39"]
[EventDate "2014.03.08"]

1. e4 e5 2. Nf3 Nc6 3. Bb5 d6 4. O-O Nf6 5. Re1 Be7 6. h3 O-O 7. c3 Bd7 8. d4
Nxd4 9. Nxd4 exd4 10. Bxd7 Nxd7 11. cxd4 Bf6 12. Nc3 Re8 13. Bf4 Nb6 14. Rc1
Bg5 15. Qg4 Bxf4 16. Qxf4 Qd7 17. a4 a5 18. Re3 Re7 19. Rg3 g6 20. Nb5 {
Necitelny zapis.} 1-0

[Event "MCR mladeze 2014, H16"]
[Site "Kouty nad Desnou"]
[Date "2014.03.08"]
[Round "1"]
[White "Krcil, Ales"]
[Black "Miculka, David"]
[Result "1/2-1/2"]
[WhiteElo "1698"]
[BlackElo "1931"]
[PlyCount "41"]
[EventDate "2014.03.08"]

1. e4 c5 2. Nf3 Nc6 3. c3 d5 4. exd5 Qxd5 5. d4 e5 6. Nxe5 Nxe5 7. dxe5 Qxe5+
8. Be3 Nf6 9. Bb5+ Bd7 10. Bxd7+ Nxd7 11. Qf3 Rb8 12. O-O Bd6 13. g3 Qf6 14.
Qg2 O-O 15. Nd2 Bc7 16. Ne4 Qe7 17. Rfe1 f6 18. Rad1 b6 19. f4 Rbd8 20. Bf2 Qf7
21. b3 1/2-1/2

[Event "MCR mladeze 2014, H16"]
[Site "Kouty nad Desnou"]
[Date "2014.03.08"]
[Round "1"]
[White "Zeman, Radek"]
[Black "Krajicek, Filip"]
[Result "1-0"]
[WhiteElo "1902"]
[BlackElo "1671"]
[PlyCount "43"]
[EventDate "2014.03.08"]

1. e4 c5 2. Nf3 e6 3. d4 cxd4 4. Nxd4 a6 5. Bd3 Qc7 6. O-O Nf6 7. c4 d6 8. Nc3
Nbd7 9. b3 Be7 10. Bb2 b6 11. Qe2 Bb7 12. Kh1 Rc8 13. Rac1 Qb8 14. f4 h5 15. f5
e5 16. Nc2 h4 17. Ne3 Qa8 18. Ncd5 Nxd5 19. cxd5 O-O 20. Ba3 Nc5 21. Bxc5 bxc5
22. f6 1-0

[Event "MCR mladeze 2014, H16"]
[Site "Kouty nad Desnou"]
[Date "2014.03.09"]
[Round "2"]
[White "Rydl, Jiri"]
[Black "Horak, Ales"]
[Result "1/2-1/2"]
[WhiteElo "2181"]
[BlackElo "1957"]
[PlyCount "80"]
[EventDate "2014.??.??"]

1. c4 Nf6 2. g3 e5 3. Bg2 d6 4. Nc3 Nc6 5. e4 Be7 6. Nge2 O-O 7. O-O Ne8 8. d4
Kh8 9. d5 Nb8 10. f4 Nd7 11. f5 Bg5 12. h4 Bxc1 13. Rxc1 a5 14. Bf3 c6 15. Kg2
Qb6 16. b3 Qe3 17. Na4 Ndf6 18. Rc3 Qa7 19. g4 b5 20. Nb2 bxc4 21. g5 cxd5 22.
gxf6 Nxf6 23. Ng3 cxb3 24. axb3 Ba6 25. Rf2 Rac8 26. Rxc8 Rxc8 27. Rc2 dxe4 28.
Rxc8+ Bxc8 29. Nxe4 Bxf5 30. Nxf6 gxf6 31. Qxd6 Kg7 32. Nc4 a4 33. bxa4 Qxa4
34. Ne3 Be6 35. Qd1 Qxh4 36. Qh1 Qf4 37. Qe1 e4 38. Bd1 Qh6 39. Qg3+ Qg6 40.
Kf2 Qxg3+ 1/2-1/2

[Event "MCR mladeze 2014, H16"]
[Site "Kouty nad Desnou"]
[Date "2014.03.09"]
[Round "2"]
[White "Dvorak, Adam"]
[Black "Petr, Jan"]
[Result "1-0"]
[WhiteElo "2119"]
[BlackElo "2162"]
[PlyCount "131"]
[EventDate "2014.??.??"]

1. d4 Nf6 2. c4 g6 3. Nc3 d5 4. Nf3 Bg7 5. e3 O-O 6. cxd5 Nxd5 7. Bc4 Nxc3 8.
bxc3 c5 9. O-O Qc7 10. Nd2 b6 11. Ba3 Bb7 12. Rc1 Nd7 13. Qe2 e5 14. Rfd1 Rad8
15. Nb3 e4 16. Bb5 Nf6 17. dxc5 Rxd1+ 18. Rxd1 Rc8 19. cxb6 Qxb6 20. c4 a6 21.
Ba4 Qc7 22. h3 h5 23. Rc1 Bc6 24. Bxc6 Qxc6 25. Bb2 Nd7 26. Bxg7 Kxg7 27. Qb2+
Kg8 28. Qd4 Nc5 29. Nxc5 Qxc5 30. Qxe4 Qa3 31. Rc2 Qb4 32. Qd3 Qb1+ 33. Kh2
Qb8+ 34. g3 Rd8 35. Qb3 Qa8 36. Re2 Qf3 37. Qc2 h4 38. gxh4 Re8 39. e4 Rd8 40.
Re3 Qf4+ 41. Kg2 Qxh4 42. c5 Rc8 43. c6 Qg5+ 44. Rg3 Qe5 45. Qc4 Kf8 46. Qd5
Qf6 47. Rf3 Qe7 48. Qd7 Rc7 49. Qxe7+ Kxe7 50. Rc3 Kd8 51. Kf3 Kc8 52. e5 Re7
53. Ke4 f6 54. f4 Kc7 55. Kd5 fxe5 56. fxe5 Rh7 57. Ra3 Rh4 58. Rg3 Ra4 59.
Rxg6 Ra5+ 60. Ke6 Rxa2 61. Ke7 Re2 62. e6 a5 63. Rg5 a4 64. Ra5 Re4 65. Ra6 Rh4
66. Kf6 1-0

[Event "MCR mladeze 2014, H16"]
[Site "Kouty nad Desnou"]
[Date "2014.03.09"]
[Round "2"]
[White "Pulpan, Jakub"]
[Black "Zeman, Radek"]
[Result "1-0"]
[WhiteElo "2146"]
[BlackElo "1902"]
[PlyCount "87"]
[EventDate "2014.??.??"]

1. Nf3 Nf6 2. g3 d5 3. Bg2 e6 4. O-O Be7 5. d4 O-O 6. c4 c6 7. Qc2 b6 8. Nbd2
Bb7 9. e4 Nbd7 10. b3 Rc8 11. e5 Ne8 12. cxd5 cxd5 13. Qd3 Nc7 14. Qe3 a5 15.
Bb2 Nb5 16. Rfc1 Ba3 17. Rxc8 Bxc8 18. Bxa3 Nxa3 19. Rc1 Ba6 20. Bf1 Nb8 21.
Bd3 h6 22. Nf1 Qd7 23. g4 Rc8 24. Bxa6 Nxa6 25. g5 h5 26. Ng3 g6 27. Nh4 Rxc1+
28. Qxc1 Nb5 29. Qf4 Nbc7 30. Qd2 Qc6 31. Kg2 Nb4 32. Qf4 Nxa2 33. Qf6 Qd7 34.
Nxg6 fxg6 35. Qxg6+ Qg7 36. Qxh5 Qh7 37. Qg4 Nc3 38. g6 Qh6 39. Qf3 N3b5 40.
Qf7+ Kh8 41. Qf6+ Qg7 42. Nh5 Qxf6 43. exf6 e5 44. f7 1-0

[Event "MCR mladeze 2014, H16"]
[Site "Kouty nad Desnou"]
[Date "2014.03.09"]
[Round "2"]
[White "Kula, Dominik"]
[Black "Kozusek, Daniel"]
[Result "1/2-1/2"]
[WhiteElo "1971"]
[BlackElo "2133"]
[PlyCount "58"]
[EventDate "2014.??.??"]

1. e4 c5 2. Nf3 d6 3. d4 cxd4 4. Nxd4 Nf6 5. Nc3 a6 6. Bc4 e6 7. Bb3 Nbd7 8. f4
Nc5 9. O-O Nxb3 10. axb3 Be7 11. Be3 O-O 12. Qf3 e5 13. fxe5 dxe5 14. Nf5 Bxf5
15. Qxf5 Qd7 16. Nd5 Qd6 17. Rad1 Nxd5 18. Rxd5 Qe6 19. Qxe6 fxe6 20. Rxe5
Rxf1+ 21. Kxf1 Kf7 22. Rh5 h6 23. Ke2 Rc8 24. c3 b5 25. b4 Bd6 26. Rh3 Kg6 27.
Bg1 Bf4 28. Be3 Bd6 29. Bg1 Bf4 1/2-1/2

[Event "MCR mladeze 2014, H16"]
[Site "Kouty nad Desnou"]
[Date "2014.03.09"]
[Round "2"]
[White "Miculka, David"]
[Black "Stuchly, Ondrej"]
[Result "0-1"]
[WhiteElo "1931"]
[BlackElo "1791"]
[PlyCount "92"]
[EventDate "2014.??.??"]

1. e4 e6 2. d4 d5 3. Nd2 c5 4. exd5 exd5 5. Ngf3 Nc6 6. Bb5 Bd6 7. O-O Nge7 8.
dxc5 Bxc5 9. Nb3 Bd6 10. Bg5 O-O 11. Re1 Qc7 12. h3 a6 13. Bf1 Bf5 14. c3 f6
15. Be3 Ne5 16. Nbd4 Bd7 17. Qd2 N7c6 18. Be2 Na5 19. Nb3 Bc6 20. Nxa5 Qxa5 21.
Nd4 Rfe8 22. f4 Nd7 23. Bf3 Kh8 24. a4 Qc7 25. b4 Nb6 26. Be2 Nc4 27. Bxc4 dxc4
28. Qf2 Re4 29. b5 Bd7 30. Qf3 Rae8 31. f5 Bg3 32. Re2 Qe5 33. Bf2 Bh2+ 34. Kf1
Rxe2 35. Nxe2 Bxf5 36. Bd4 Qe6 37. Kf2 Be4 38. Qe3 Qf5+ 39. Ke1 Qg6 40. Ra2 Bd3
41. Qf3 Bg3+ 42. Kd1 Bxe2+ 43. Rxe2 Qb1+ 44. Kd2 Be1+ 45. Rxe1 Qxe1+ 46. Kc2
Re2+ 0-1

[Event "MCR mladeze 2014, H16"]
[Site "Kouty nad Desnou"]
[Date "2014.03.09"]
[Round "2"]
[White "Stepan, Patrik"]
[Black "Kratochvil, Vit"]
[Result "0-1"]
[WhiteElo "1758"]
[BlackElo "2051"]
[PlyCount "58"]
[EventDate "2014.??.??"]

1. d4 g6 2. c4 Bg7 3. Nf3 c5 4. Nc3 cxd4 5. Nxd4 Nc6 6. Nxc6 bxc6 7. g3 Nf6 8.
Bg2 O-O 9. O-O Rb8 10. Rb1 c5 11. Qc2 d6 12. b3 Bd7 13. Bb2 Qb6 14. Nd5 Nxd5
15. Bxd5 Bxb2 16. Rxb2 a5 17. f4 Qb4 18. Qe4 e6 19. Bc6 d5 20. Bxd5 exd5 21.
Qxd5 Bh3 22. Rd1 Qc3 23. Qd2 Qf6 24. Rc2 Rfd8 25. Qe1 Qc6 26. e3 Rxd1 27. Qxd1
Qe4 28. Qd2 Re8 29. Rc3 Qf3 0-1

[Event "MCR mladeze 2014, H16"]
[Site "Kouty nad Desnou"]
[Date "2014.03.09"]
[Round "2"]
[White "Skorepa, Jakub"]
[Black "Havelka, Josef"]
[Result "0-1"]
[WhiteElo "1797"]
[BlackElo "1988"]
[PlyCount "72"]
[EventDate "2014.??.??"]

1. d4 Nf6 2. Nf3 g6 3. c4 Bg7 4. Nc3 O-O 5. g3 d6 6. Bg2 Nc6 7. e4 a6 8. h3 Rb8
9. Be3 b5 10. c5 b4 11. Na4 Nxe4 12. Ng5 Nxg5 13. Bxc6 Ne6 14. cxd6 cxd6 15. d5
Nc5 16. Nxc5 dxc5 17. Qc1 Bd7 18. Bxc5 Bxc6 19. dxc6 Qd5 20. O-O Rfc8 21. Bxe7
Rxc6 22. Qf4 Be5 23. Qg4 Bxb2 24. Rad1 Qxa2 25. Qd7 Qc4 26. Rfe1 Rcc8 27. Bd6
Ra8 28. Re7 Bf6 29. Re3 a5 30. Rde1 h6 31. Re4 Qd5 32. h4 Rd8 33. Re8+ Rxe8 34.
Rxe8+ Rxe8 35. Qxe8+ Kh7 36. Bc7 b3 0-1

[Event "MCR mladeze 2014, H16"]
[Site "Kouty nad Desnou"]
[Date "2014.03.09"]
[Round "2"]
[White "Ruzicka, Josef"]
[Black "Krcil, Ales"]
[Result "1-0"]
[WhiteElo "2034"]
[BlackElo "1698"]
[PlyCount "45"]
[EventDate "2014.??.??"]

1. e4 c5 2. Nf3 e6 3. d4 cxd4 4. Nxd4 Nf6 5. Nc3 Nc6 6. Ndb5 Bb4 7. a3 Bxc3+ 8.
Nxc3 d5 9. exd5 exd5 10. Bd3 Be6 11. O-O O-O 12. Bg5 h6 13. Bh4 Rc8 14. f4 Qb6+
15. Kh1 Ng4 16. f5 Ne3 17. Qh5 Nxf1 18. fxe6 Qxb2 19. Rb1 Qxc3 20. Qf5 g6 21.
exf7+ Rxf7 22. Qxc8+ Kg7 23. Rxf1 1-0

[Event "MCR mladeze 2014, H16"]
[Site "Kouty nad Desnou"]
[Date "2014.03.09"]
[Round "2"]
[White "Kladnak, Martin"]
[Black "Filip, Vojtech"]
[Result "0-1"]
[WhiteElo "1713"]
[BlackElo "1883"]
[PlyCount "68"]
[EventDate "2014.??.??"]

1. d4 d5 2. Bg5 Nd7 3. c4 c6 4. Nc3 Ngf6 5. Nf3 e6 6. e3 Qa5 7. Qc2 Ne4 8. a3
Bb4 9. Rc1 Bxc3+ 10. bxc3 Nxg5 11. Nxg5 h6 12. Nf3 Qxa3 13. c5 b6 14. cxb6 axb6
15. Bd3 Ba6 16. O-O Bxd3 17. Qxd3 O-O 18. Qc2 Qa4 19. Qb2 Qa2 20. Qxa2 Rxa2 21.
c4 dxc4 22. Rxc4 c5 23. dxc5 bxc5 24. Rd1 Rc8 25. h3 Nb6 26. Rc3 Na4 27. Rc4
Rb8 28. Ne5 f6 29. Nd3 Nb2 30. Rc2 Nxd1 31. Rxa2 c4 32. Rd2 Rb1 33. Nf4 Nxe3+
34. Kh2 Nf1+ 0-1

[Event "MCR mladeze 2014, H16"]
[Site "Kouty nad Desnou"]
[Date "2014.03.09"]
[Round "2"]
[White "Horak, Martin"]
[Black "Reznicek, Dominik"]
[Result "1/2-1/2"]
[WhiteElo "1852"]
[BlackElo "1799"]
[PlyCount "84"]
[EventDate "2014.??.??"]

1. e4 c6 2. d4 d5 3. Nc3 dxe4 4. Nxe4 Bf5 5. Ng3 Bg6 6. Nf3 Nd7 7. h4 h6 8. h5
Bh7 9. Bd3 Bxd3 10. Qxd3 Ngf6 11. Bd2 e6 12. O-O-O Qc7 13. Ne4 Nxe4 14. Qxe4
Nf6 15. Qe2 O-O-O 16. Kb1 Kb8 17. c4 c5 18. Bc3 Ka8 19. b3 cxd4 20. Nxd4 Bc5
21. Nb5 Qb6 22. Be5 Rxd1+ 23. Rxd1 a6 24. Nc3 Bxf2 25. Rf1 Bd4 26. Na4 Qa7 27.
Rd1 Bxe5 28. Qxe5 Rb8 29. c5 b5 30. Nb6+ Rxb6 31. cxb6 Qxb6 32. Qc3 Kb7 33. Rc1
Qd6 34. a4 b4 35. Qc4 Nd5 36. Rc2 Nc3+ 37. Kb2 a5 38. Qg4 Qe5 39. Qf3+ Kb8 40.
Qxf7 Nxa4+ 41. Ka2 Nc3+ 42. Kb2 Na4+ 1/2-1/2

[Event "MCR mladeze 2014, H16"]
[Site "Kouty nad Desnou"]
[Date "2014.03.09"]
[Round "2"]
[White "Krajicek, Filip"]
[Black "Havelka, Jan"]
[Result "0-1"]
[WhiteElo "1671"]
[BlackElo "1833"]
[PlyCount "104"]
[EventDate "2014.??.??"]

1. d4 Nf6 2. Nf3 c5 3. c3 e6 4. g3 b6 5. Bg2 Bb7 6. O-O Be7 7. Re1 O-O 8. Nbd2
d6 9. b3 Nbd7 10. Bb2 Qc7 11. Rc1 Rac8 12. e4 e5 13. dxe5 Nxe5 14. Nxe5 dxe5
15. Qe2 Rcd8 16. Rcd1 Rfe8 17. Nf1 g6 18. f3 c4 19. Qxc4 Qxc4 20. bxc4 Bc5+ 21.
Kh1 Ba6 22. Nd2 Rd6 23. Bf1 Red8 24. Bc1 Kg7 25. Be2 Bf2 26. Rf1 Be3 27. Nb3
Rxd1 28. Rxd1 Rxd1+ 29. Bxd1 Bxc1 30. Nxc1 Bxc4 31. Bb3 Bxb3 32. axb3 Kf8 33.
Nd3 Nd7 34. Kg2 Ke7 35. Kf2 Kd6 36. Ke3 Nc5 37. Nxc5 Kxc5 38. Kd3 a5 39. Kc2 b5
40. Kb2 g5 41. h4 gxh4 42. gxh4 a4 43. Ka3 axb3 44. Kxb3 h5 45. Kb2 Kc4 46. Kc2
f6 47. Kd2 b4 48. cxb4 Kxb4 49. Kd3 Kb3 50. f4 Kb4 51. Ke2 Kc4 52. Ke3 Kc3 0-1

[Event "MCR mladeze 2014, H16"]
[Site "Kouty nad Desnou"]
[Date "2014.03.09"]
[Round "2"]
[White "Krutsky, Martin"]
[Black "Bares, Jachym"]
[Result "0-1"]
[WhiteElo "1800"]
[BlackElo "1736"]
[PlyCount "50"]
[EventDate "2014.??.??"]

1. e4 e5 2. Nf3 Nc6 3. Bb5 f5 4. Nc3 fxe4 5. Nxe4 Nf6 6. Qe2 d5 7. Nxf6+ gxf6
8. d4 Bg7 9. dxe5 O-O 10. Bxc6 bxc6 11. e6 Re8 12. O-O Rxe6 13. Qd3 c5 14. Rd1
d4 15. Bf4 Qd5 16. Re1 Ba6 17. Qd2 Rae8 18. Bxc7 Be2 19. Nh4 Qh5 20. Bg3 f5 21.
Nf3 Bh6 22. Bf4 Qg4 23. Ng5 Bxg5 24. g3 Bxf4 25. Qxf4 Qxf4 0-1

[Event "MCR mladeze 2014, H16"]
[Site "Kouty nad Desnou"]
[Date "2014.03.10"]
[Round "3"]
[White "Stuchly, Ondrej"]
[Black "Pulpan, Jakub"]
[Result "0-1"]
[WhiteElo "1791"]
[BlackElo "2146"]
[PlyCount "146"]
[EventDate "2014.??.??"]

1. e4 c5 2. Nf3 Nc6 3. d4 cxd4 4. Nxd4 g6 5. c4 Nf6 6. Nc3 Nxd4 7. Qxd4 d6 8.
Be2 Bg7 9. Be3 O-O 10. Qd2 Be6 11. Rc1 Qa5 12. O-O Rfc8 13. b3 a6 14. f4 b5 15.
f5 Bd7 16. fxg6 hxg6 17. e5 b4 18. exf6 bxc3 19. Rxc3 Bxf6 20. Bd4 Bxd4+ 21.
Qxd4 Qc5 22. Qxc5 Rxc5 23. b4 Re5 24. Bf3 Rc8 25. Rd1 Be6 26. Rd4 a5 27. a3 Kg7
28. Kf2 f5 29. Be2 axb4 30. axb4 Rb8 31. Rb3 Kf6 32. Rb2 Ra5 33. Rd1 Ra4 34.
Rdb1 f4 35. Bd3 Rc8 36. Rc1 Ra3 37. Ke2 Rh8 38. h3 f3+ 39. gxf3 Rxh3 40. Rbc2
Bg4 41. fxg4 Raxd3 42. c5 dxc5 43. bxc5 Rd7 44. c6 Rc7 45. Rc5 e5 46. Rf1+ Ke6
47. g5 Kd6 48. Rcc1 Kd5 49. Rf6 Ke4 50. Rc4+ Kd5 51. Rc1 Ra7 52. Rc2 Rh2+ 53.
Rf2 Rxf2+ 54. Kxf2 Rc7 55. Ke3 Rxc6 56. Rd2+ Ke6 57. Rf2 Rc3+ 58. Ke4 Rc4+ 59.
Ke3 Kd5 60. Rf6 Rc6 61. Rf8 Rc3+ 62. Kf2 Rc4 63. Kf3 Rc3+ 64. Kf2 Rc2+ 65. Kf3
e4+ 66. Ke3 Rc3+ 67. Ke2 Rg3 68. Ra8 Ke5 69. Re8+ Kf4 70. Rf8+ Kxg5 71. Re8 Kf4
72. Rf8+ Kg4 73. Re8 e3 0-1

[Event "MCR mladeze 2014, H16"]
[Site "Kouty nad Desnou"]
[Date "2014.03.10"]
[Round "3"]
[White "Kozusek, Daniel"]
[Black "Dvorak, Adam"]
[Result "0-1"]
[WhiteElo "2133"]
[BlackElo "2119"]
[PlyCount "108"]
[EventDate "2014.??.??"]

1. d4 Nf6 2. c4 c5 3. d5 e6 4. Nc3 exd5 5. cxd5 d6 6. e4 g6 7. h3 Bg7 8. Bd3
O-O 9. Nf3 b5 10. Nxb5 Re8 11. O-O Nxe4 12. Re1 a6 13. Na3 Nf6 14. Rxe8+ Nxe8
15. Bg5 f6 16. Bf4 Nd7 17. Nc4 Ne5 18. Bf1 Rb8 19. b3 Bb7 20. Bd2 Qe7 21. Bc3
Nc7 22. Nfxe5 fxe5 23. Ne3 Rf8 24. a4 Kh8 25. Bc4 Rf4 26. g3 Rd4 27. Bxd4 exd4
28. Ng2 Nxd5 29. Qf1 a5 30. Re1 Qf8 31. Ba6 Ba8 32. Qb5 Nc3 33. Qe8 Bd5 34. Qd7
Qf3 35. Bf1 Be5 36. Qe8+ Kg7 37. Qe7+ Kg8 38. Qe8+ Qf8 39. Qxf8+ Kxf8 40. Bc4
Bxc4 41. bxc4 d3 42. Ne3 d2 43. Rf1 Bd4 44. Nd1 Nxa4 45. Kg2 Ke7 46. Kf3 Nb6
47. Ke2 Nxc4 48. Ne3 Bxe3 49. fxe3 a4 50. e4 Ke6 51. g4 a3 52. Rf8 Ke5 53. Re8+
Kd4 54. Re7 Kc3 0-1

[Event "MCR mladeze 2014, H16"]
[Site "Kouty nad Desnou"]
[Date "2014.03.10"]
[Round "3"]
[White "Havelka, Josef"]
[Black "Rydl, Jiri"]
[Result "1/2-1/2"]
[WhiteElo "1988"]
[BlackElo "2181"]
[PlyCount "96"]
[EventDate "2014.??.??"]

1. e4 e6 2. d4 d5 3. Nd2 Nf6 4. e5 Nfd7 5. Bd3 c5 6. c3 b6 7. Ne2 Ba6 8. Bxa6
Nxa6 9. O-O Nc7 10. Nf4 g6 11. Qg4 Qe7 12. Nf3 O-O-O 13. Nd3 h6 14. dxc5 Nxc5
15. Nxc5 Qxc5 16. Be3 Qc4 17. Nd4 Kb7 18. Rfd1 Bc5 19. Qf3 Rd7 20. a4 Bxd4 21.
Rxd4 Qc6 22. a5 b5 23. Rf4 Rh7 24. Qd1 Na6 25. Rc1 h5 26. b3 Rh8 27. Rd4 Nb8
28. c4 dxc4 29. bxc4 b4 30. Rb1 Rhd8 31. Rxb4+ Ka8 32. Rxd7 Rxd7 33. Qe2 Rb7
34. Rb5 Rc7 35. Rc5 Qb7 36. Rb5 Qc6 37. Rc5 Qb7 38. h3 Rxc5 39. Bxc5 Nc6 40.
Qd2 Qc7 41. Bd6 Qb7 42. Qh6 Qc8 43. Qd2 a6 44. Kh2 Qd8 45. Qf4 Qd7 46. Qe4 Qb7
47. Qe1 Qb2 48. Qe4 Qb7 1/2-1/2

[Event "MCR mladeze 2014, H16"]
[Site "Kouty nad Desnou"]
[Date "2014.03.10"]
[Round "3"]
[White "Kratochvil, Vit"]
[Black "Kula, Dominik"]
[Result "1-0"]
[WhiteElo "2051"]
[BlackElo "1971"]
[PlyCount "49"]
[EventDate "2014.??.??"]

1. c4 f5 2. Nc3 Nf6 3. g3 g6 4. Bg2 Bg7 5. Nf3 O-O 6. O-O d6 7. d3 e5 8. Bd2
Nc6 9. Qc1 Be6 10. Rb1 a5 11. a3 Qe7 12. b4 axb4 13. axb4 d5 14. cxd5 Nxd5 15.
Nxd5 Bxd5 16. b5 e4 17. bxc6 exf3 18. Bxf3 Bxf3 19. exf3 Rfb8 20. cxb7 Ra7 21.
Qc6 Qd6 22. Qc4+ Kh8 23. Rfe1 Qd7 24. Bg5 h6 25. Re7 1-0

[Event "MCR mladeze 2014, H16"]
[Site "Kouty nad Desnou"]
[Date "2014.03.10"]
[Round "3"]
[White "Horak, Ales"]
[Black "Petr, Jan"]
[Result "0-1"]
[WhiteElo "1957"]
[BlackElo "2162"]
[PlyCount "34"]
[EventDate "2014.??.??"]

1. e4 c5 2. Nf3 d6 3. d4 cxd4 4. Nxd4 Nf6 5. Nc3 g6 6. Be3 Bg7 7. Bc4 Ng4 8.
Bb5+ Kf8 9. Bg5 h6 10. Bh4 g5 11. Bg3 Qb6 12. Nde2 h5 13. h3 h4 14. hxg4 hxg3
15. O-O Bxc3 16. Nxc3 d5 17. Qxd5 Rh1+ 0-1

[Event "MCR mladeze 2014, H16"]
[Site "Kouty nad Desnou"]
[Date "2014.03.10"]
[Round "3"]
[White "Filip, Vojtech"]
[Black "Ruzicka, Josef"]
[Result "1/2-1/2"]
[WhiteElo "1883"]
[BlackElo "2034"]
[PlyCount "31"]
[EventDate "2014.??.??"]

1. d4 Nf6 2. Nf3 g6 3. c4 Bg7 4. Nc3 O-O 5. e4 d6 6. Be2 e5 7. O-O Nc6 8. dxe5
Nxe5 9. Nxe5 dxe5 10. Qc2 c6 11. Be3 Qe7 12. c5 Ng4 13. Bxg4 Bxg4 14. f3 Be6
15. b4 Rfd8 16. Rfd1 1/2-1/2

[Event "MCR mladeze 2014, H16"]
[Site "Kouty nad Desnou"]
[Date "2014.03.10"]
[Round "3"]
[White "Zeman, Radek"]
[Black "Havelka, Jan"]
[Result "0-1"]
[WhiteElo "1902"]
[BlackElo "1833"]
[PlyCount "56"]
[EventDate "2014.??.??"]

1. e4 c5 2. Nc3 e6 3. Nf3 a6 4. g3 Nc6 5. Bg2 d6 6. a4 Nf6 7. O-O Be7 8. d3 O-O
9. Ng5 h6 10. Nh3 e5 11. f4 Bd7 12. f5 Nd4 13. Ne2 b5 14. Nxd4 cxd4 15. g4 Nh7
16. Bd2 bxa4 17. Qc1 Ng5 18. Nxg5 Bxg5 19. Bxg5 Qxg5 20. Qxg5 hxg5 21. c3 dxc3
22. bxc3 Rfc8 23. Rfc1 Rab8 24. c4 Rb2 25. Rcb1 a3 26. Rc1 a2 27. h3 Ba4 28.
Kh1 Bc2 0-1

[Event "MCR mladeze 2014, H16"]
[Site "Kouty nad Desnou"]
[Date "2014.03.10"]
[Round "3"]
[White "Bares, Jachym"]
[Black "Horak, Martin"]
[Result "1/2-1/2"]
[WhiteElo "1736"]
[BlackElo "1852"]
[PlyCount "80"]
[EventDate "2014.??.??"]

1. e4 c5 2. Nf3 d6 3. d4 cxd4 4. Nxd4 Nf6 5. Nc3 g6 6. Be3 Bg7 7. f3 O-O 8. Qd2
Nc6 9. O-O-O Nxd4 10. Bxd4 Be6 11. Kb1 Qc7 12. Nb5 Qd7 13. g4 a6 14. Nc3 b5 15.
h4 b4 16. Ne2 Qa4 17. Nc1 Rab8 18. h5 Rfc8 19. hxg6 hxg6 20. Nb3 Qc6 21. Be2 a5
22. g5 Bxb3 23. axb3 Nh5 24. Bxg7 Kxg7 25. Rh2 a4 26. Rdh1 a3 27. bxa3 bxa3 28.
f4 Qxe4 29. Bxh5 gxh5 30. Ka2 Qb4 31. Qxb4 Rxb4 32. Rxh5 Rxc2+ 33. Kxa3 Rxf4
34. Rh7+ Kf8 35. Rh8+ Kg7 36. R8h7+ Kg6 37. R1h6+ Kxg5 38. Rh5+ Kf6 39. R7h6+
Kg7 40. Rh7+ Kg6 1/2-1/2

[Event "MCR mladeze 2014, H16"]
[Site "Kouty nad Desnou"]
[Date "2014.03.10"]
[Round "3"]
[White "Reznicek, Dominik"]
[Black "Miculka, David"]
[Result "0-1"]
[WhiteElo "1799"]
[BlackElo "1931"]
[PlyCount "80"]
[EventDate "2014.??.??"]

1. e4 c6 2. d4 d5 3. exd5 cxd5 4. Bd3 Nc6 5. c3 Qc7 6. h3 g6 7. Nf3 Nf6 8. O-O
Bf5 9. Re1 Bxd3 10. Qxd3 Bg7 11. Nbd2 O-O 12. Ne5 Nxe5 13. dxe5 Nd7 14. e6 fxe6
15. Rxe6 Nc5 16. Qxd5 Nxe6 17. Qxe6+ Kh8 18. Ne4 Qe5 19. Ng5 Qxe6 20. Nxe6 Rf6
21. Nxg7 Kxg7 22. Be3 Kf7 23. Bd4 Re6 24. Kf1 a6 25. Re1 Rd8 26. f4 Rxe1+ 27.
Kxe1 Ke6 28. Ke2 Kd5 29. Ke3 b5 30. b3 Rc8 31. g4 a5 32. a3 a4 33. bxa4 bxa4
34. f5 Rb8 35. Kf4 Rb3 36. Kg5 gxf5 37. gxf5 Rxa3 38. h4 Rb3 39. f6 exf6+ 40.
Bxf6 Kc4 0-1

[Event "MCR mladeze 2014, H16"]
[Site "Kouty nad Desnou"]
[Date "2014.03.10"]
[Round "3"]
[White "Krcil, Ales"]
[Black "Skorepa, Jakub"]
[Result "1/2-1/2"]
[WhiteElo "1698"]
[BlackElo "1797"]
[PlyCount "55"]
[EventDate "2014.??.??"]

1. e4 c6 2. d4 d5 3. exd5 cxd5 4. Bd3 Nc6 5. c3 g6 6. Bf4 Nh6 7. Nf3 Bf5 8. O-O
Bxd3 9. Qxd3 Nf5 10. Re1 Bg7 11. Ne5 Nxe5 12. Bxe5 O-O 13. Nd2 e6 14. Nf3 Bh6
15. h3 a6 16. a4 b6 17. Nh2 f6 18. Bg3 Qd7 19. Ng4 Bg7 20. Bf4 Rfe8 21. Re2 b5
22. axb5 axb5 23. Rae1 Ra6 24. Ne3 Nxe3 25. Rxe3 Rb6 26. Qe2 Qc6 27. Ra1 Ra6
28. Re1 1/2-1/2

[Event "MCR mladeze 2014, H16"]
[Site "Kouty nad Desnou"]
[Date "2014.03.10"]
[Round "3"]
[White "Krutsky, Martin"]
[Black "Stepan, Patrik"]
[Result "1-0"]
[WhiteElo "1800"]
[BlackElo "1758"]
[PlyCount "99"]
[EventDate "2014.??.??"]

1. e4 c5 2. Nf3 e6 3. d4 cxd4 4. Nxd4 Nf6 5. Nc3 Nc6 6. Ndb5 Bc5 7. Nd6+ Ke7 8.
Bf4 e5 9. Nf5+ Kf8 10. Bg5 d6 11. Qd2 h6 12. Bxf6 Qxf6 13. Nd5 Qg6 14. Ng3 a5
15. c3 Qg5 16. Qc2 Kg8 17. Bd3 Bd7 18. h4 Qd8 19. Ke2 Rc8 20. Qd2 Ne7 21. a4
Kh7 22. Ne3 Ng6 23. Nd5 Rf8 24. Nf5 Nf4+ 25. Nxf4 exf4 26. Qxf4 Qb6 27. Rab1
Bxa4 28. Rh3 Bb5 29. c4 Bd7 30. Rg3 Bxf5 31. Qxf5+ g6 32. Qf6 Bd4 33. Qf3 Be5
34. Rh3 Qc7 35. Qg4 h5 36. Qg5 Qd8 37. Qe3 Qf6 38. Rf1 Bxb2 39. f4 Qd4 40. Qf3
a4 41. g4 hxg4 42. Qxg4 Rxc4 43. h5 Kg7 44. hxg6 f5 45. Rh7+ Kg8 46. Qh4 fxe4
47. Rh8+ Qxh8 48. Bxc4+ Kg7 49. Qe7+ Kxg6 50. Qg5+ 1-0